000 01101cam a2200301 a 4500
001 4878
003 DO-SdBPM
005 20250411131933.0
007 4878
008 000207s2000 nyua j 00 0 eng
010 _a 00024841
020 _a0879517255
040 _aDO-SdBPM
_c spa
_dBPMSU
041 1 7 _heng
042 _a
082 4 _a813.4
_bB873w 2000
_222
100 1 _aBrooks, Walter R.,
_d1886-1958.
245 1 4 _aThe wit & wisdom of Freddy and his friends /
_cWalter R. Brooks ; illustrations by Kurt Wiese ; introduction by Michael Cart ; Sarah Koslosky, contributing editor
260 _aWoodstock, NY :
_bOverlook Press,
_c2000.
300 _axiii, 253 p. :
_bil. ;
_c23 cm.
520 _aA collection of quotations from the twenty-six books that Walter R. Brooks wrote about Freddy the Pig and his friends on and around Bean Farm.
590 _aInventariado, 2025/VM
650 4 _aNovela juvenil estadounidense
_v
700 1 _aWiese, Kurt,
_d1887-1974,
_eilustración
700 1 _aKoslosky, Sarah.
910 _aVMateo V. Control de calidad. BPMSU
942 _2ddc
_cBK
999 _c9473
_d9473